| 000 | 00620nas a2200229Ia 4500 | ||
|---|---|---|---|
| 001 | A50/R185-8249 [r000005471] | ||
| 003 | IT-MiCISF | ||
| 005 | 20251230133237.0 | ||
| 008 | 161014c99999999xx |||||||||||| ||und|| | ||
| 040 |
_aIT-MiCISF _cIT-MiCISF |
||
| 041 | _ait | ||
| 100 |
_aPeretti Marcello _963005 |
||
| 245 | 0 | _aE' ancora attuale l'educazione alla purezza? | |
| 250 | _a"La casa", n. 5, settembre-ottobre | ||
| 260 | _c1983 | ||
| 300 | _app. 269-274 | ||
| 500 | _asessualità, educazione-morale, educazione-sessuale | ||
| 650 | _aEducazione | ||
| 654 | _aarticolo | ||
| 942 |
_cCR _2ddc |
||
| 999 |
_c243352 _d243352 |
||
| 999 | _bSi | ||